[Event "Alicante Dama Negra 4th"]
[Site "Alicante"]
[Date "2023.12.30"]
[Round "8"]
[White "Exposito Milan, Adrian"]
[Black "Martinez, Sebastian"]
[Result "1-0"]
[WhiteElo "2073"]
[BlackElo "1781"]
[PlyCount "58"]
[EventDate "2023.12.26"]
[EventType "swiss"]
[EventRounds "9"]
[EventCountry "ESP"]
[SourceTitle "CB01_2024"]
[SourceDate "2024.01.03"]
[SourceVersion "1"]
[SourceVersionDate "2024.01.03"]
[SourceQuality "1"]

1. c4 c6 2. g3 Nf6 3. Nf3 g6 4. Bg2 Bg7 5. 0-0 0-0 6. Nc3 d5 7. cxd5 cxd5 8. d4 Nc6 9. Ne5 Bf5 10. Nxc6 bxc6 11. Bf4 Qd7 12. Rc1 Bh3 13. Qd3 Nh5 14. Be3 Bxg2 15. Kxg2 f5 16. f3 f4 17. Bf2 fxg3 18. hxg3 e5 19. dxe5 Bxe5 20. e4 Qe7 21. Ne2 Bxb2 22. Rxc6 dxe4 23. fxe4 Qf7 24. Nc3 Bxc3 25. Rxc3 Qxa2 26. Rb3 Rad8 27. Qc4+ Rf7 28. Kg1 Qd2 29. Rf3 Kg7 1-0

[Event "Alicante Dama Negra 4th"]
[Site "Alicante"]
[Date "2023.12.29"]
[Round "6"]
[White "Exposito Milan, Adrian"]
[Black "Garcia Sanchez, Miguel Angel"]
[Result "1-0"]
[WhiteElo "2073"]
[BlackElo "1676"]
[PlyCount "45"]
[EventDate "2023.12.26"]
[EventType "swiss"]
[EventRounds "9"]
[EventCountry "ESP"]
[SourceTitle "CB01_2024"]
[SourceDate "2024.01.03"]
[SourceVersion "1"]
[SourceVersionDate "2024.01.03"]
[SourceQuality "1"]

1. d4 d5 2. Nf3 Nf6 3. c4 c6 4. e3 e6 5. Nbd2 b6 6. b3 Bb7 7. Bd3 Nbd7 8. Bb2 Bd6 9. 0-0 c5 10. Qe2 0-0 11. e4 dxe4 12. Nxe4 Nxe4 13. Bxe4 Bxe4 14. Qxe4 Qe7 15. Rfe1 Rae8 16. Rad1 Bb8 17. Rd3 f6 18. d5 e5 19. Nh4 Rf7 20. Nf5 Qf8 21. Rh3 h6 22. Ree3 Kh8 23. Reg3 1-0

[Event "ESP-chT Rapid"]
[Site "Ubeda"]
[Date "2023.09.24"]
[Round "7.7"]
[White "Exposito Milan, Adrian"]
[Black "Garrido Diaz, Ernesto"]
[Result "0-1"]
[WhiteElo "2053"]
[BlackElo "2142"]
[PlyCount "74"]
[EventDate "2023.09.23"]
[EventType "team-swiss (rapid)"]
[EventRounds "9"]
[EventCountry "ESP"]
[SourceTitle "EXT 2024"]
[Source "ChessBase"]
[SourceDate "2023.10.10"]
[SourceVersion "1"]
[SourceVersionDate "2023.10.10"]
[SourceQuality "1"]
[WhiteTeam "Enric Valor CC"]
[BlackTeam "El Caballo"]
[WhiteTeamCountry "ESP"]
[BlackTeamCountry "ESP"]

1. c4 e5 2. g3 d6 3. Bg2 f5 4. d4 Be7 5. Nc3 Nf6 6. Nf3 e4 7. Ng5 h6 8. Nh3 Be6 9. Nf4 Bf7 10. h4 Nc6 11. b3 Qd7 12. Bb2 0-0-0 13. Bh3 g5 14. Nfd5 Nxd5 15. cxd5 Nb4 16. Qd2 Nxd5 17. Nxd5 Bxd5 18. Qa5 g4 19. Bxg4 fxg4 20. Qxd5 c6 21. Qxe4 d5 22. Qd3 Bb4+ 23. Bc3 Bxc3+ 24. Qxc3 Qe6 25. Qd3 Rde8 26. e3 Rhf8 27. 0-0 Rf3 28. Rae1 Ref8 29. Re2 Qd6 30. Kg2 Qf6 31. Rd2 Kb8 32. b4 Qe6 33. a4 Qe7 34. b5 R8f6 35. Rc2 cxb5 36. Qxb5 Qe4 37. Qc5 Rxf2+ 0-1

[Event "ESP-chT Rapid"]
[Site "Ubeda"]
[Date "2023.09.24"]
[Round "6.3"]
[White "Garrido Outon, Alex"]
[Black "Exposito Milan, Adrian"]
[Result "1-0"]
[WhiteElo "2408"]
[BlackElo "2053"]
[PlyCount "53"]
[EventDate "2023.09.23"]
[EventType "team-swiss (rapid)"]
[EventRounds "9"]
[EventCountry "ESP"]
[SourceTitle "EXT 2024"]
[Source "ChessBase"]
[SourceDate "2023.10.10"]
[SourceVersion "1"]
[SourceVersionDate "2023.10.10"]
[SourceQuality "1"]
[WhiteTeam "Extremadura Magic"]
[BlackTeam "Enric Valor CC"]
[WhiteTeamCountry "ESP"]
[BlackTeamCountry "ESP"]

1. e4 c5 2. Nf3 d6 3. d4 cxd4 4. Nxd4 Nf6 5. Nc3 g6 6. Be3 Bg7 7. f3 0-0 8. Qd2 Nc6 9. 0-0-0 d5 10. Qe1 e5 11. Nxc6 bxc6 12. exd5 Nxd5 13. Bc4 Be6 14. Kb1 Rb8 15. Ne4 f5 16. Bxa7 Qc7 17. Bxb8 Rxb8 18. Ng5 e4 19. Nxe6 Qe5 20. Nd4 c5 21. f4 Qf6 22. Bxd5+ Kh8 23. Qa5 cxd4 24. Qc7 Rd8 25. Rxd4 Rxd5 26. Qc8+ Bf8 27. Rxd5 1-0

[Event "ESP-chT Rapid"]
[Site "Ubeda"]
[Date "2023.09.23"]
[Round "5.6"]
[White "Exposito Milan, Adrian"]
[Black "Gallego Pereira, Javier"]
[Result "1/2-1/2"]
[WhiteElo "2053"]
[BlackElo "1533"]
[PlyCount "129"]
[EventDate "2023.09.23"]
[EventType "team-swiss (rapid)"]
[EventRounds "9"]
[EventCountry "ESP"]
[SourceTitle "EXT 2024"]
[Source "ChessBase"]
[SourceDate "2023.10.10"]
[SourceVersion "1"]
[SourceVersionDate "2023.10.10"]
[SourceQuality "1"]
[WhiteTeam "Enric Valor CC"]
[BlackTeam "Patrimonio de la Humanidad"]
[WhiteTeamCountry "ESP"]
[BlackTeamCountry "ESP"]

1. d4 Nf6 2. Nf3 e6 3. c4 c5 4. d5 d6 5. Nc3 Be7 6. e4 exd5 7. exd5 0-0 8. Bd3 Bg4 9. 0-0 Qd7 10. Re1 Bd8 11. Bf4 Ba5 12. Bc2 Re8 13. Rxe8+ Nxe8 14. Qd3 g6 15. Ba4 Qd8 16. Ne4 Bf5 17. Bxe8 Qe7 18. Nfg5 Na6 19. Bxf7+ Kf8 20. Be6 Bc7 21. Bxf5 gxf5 22. Ne6+ Kf7 23. N4g5+ Kg6 24. g4 Qf6 25. h4 h5 26. Qxf5+ Qxf5 27. gxf5+ Kxf5 28. Nxc7 Nxc7 29. Bxd6 Na6 30. Re1 Nb4 31. Re5+ Kg4 32. Kg2 Nd3 33. Re3 Nxb2 34. Bxc5 Kxh4 35. Nf3+ Kg4 36. Ba3 Nd1 37. Rd3 Rg8 38. Rd4+ Kf5+ 39. Kf1 Nc3 40. Rd3 Ne4 41. d6 Rd8 42. d7 Nf6 43. Bb2 Nxd7 44. Rd1 Ke6 45. Ne5 Rg8 46. Nxd7 h4 47. Nc5+ Kf5 48. Rd3 Rg4 49. Rd4 Rxd4 50. Bxd4 Kg4 51. Kg2 h3+ 52. Kh2 b6 53. Ne6 Kf5 54. Nc7 Ke4 55. Be3 Kd3 56. c5 bxc5 57. Bxc5 Kc4 58. Bxa7 Kb4 59. Kxh3 Ka3 60. f4 Kxa2 61. f5 Kb3 62. f6 Kc4 63. f7 Kb4 64. f8Q+ Ka5 65. Qc5+ 1/2-1/2

[Event "San Vicente del Raspeig op 3rd"]
[Site "San Vicente del Raspeig"]
[Date "2022.12.30"]
[Round "9"]
[White "Exposito Milan, Adrian"]
[Black "Luque Saiz, Andres"]
[Result "0-1"]
[WhiteElo "1947"]
[BlackElo "2286"]
[PlyCount "92"]
[EventDate "2022.12.26"]
[EventType "swiss"]
[EventRounds "9"]
[EventCountry "ESP"]
[SourceTitle "CBM 212 Extra"]
[Source "ChessBase"]
[SourceDate "2023.03.31"]
[SourceVersion "1"]
[SourceVersionDate "2023.03.31"]
[SourceQuality "1"]

1. c4 d6 2. g3 g6 3. Bg2 Bg7 4. Nc3 e5 5. d3 Ne7 6. e3 0-0 7. Nge2 Nd7 8. 0-0 f5 9. b4 Nf6 10. Bb2 c6 11. b5 Kh8 12. a4 a5 13. Qc2 Be6 14. Ba3 Qc7 15. Rac1 Rac8 16. Rfd1 Nh5 17. f4 Nf6 18. c5 d5 19. b6 Qd7 20. d4 exf4 21. Nxf4 g5 22. Nd3 Ng6 23. Rf1 h5 24. Rce1 Qe7 25. Bc1 h4 26. Ne2 Ne4 27. Nf2 Kh7 28. Nxe4 fxe4 29. Bd2 h3 30. Bh1 Ra8 31. Nc1 Bg4 32. Bc3 Kh6 33. Nb3 Rxf1+ 34. Rxf1 Nf8 35. Nxa5 Ne6 36. Qd2 Bh8 37. Bb4 Nxd4 38. exd4 e3 39. Qd3 e2 40. Re1 Qf6 41. Nb3 Rf8 42. Bf3 Bxf3 43. Bd2 Bg4 44. Be3 Qf3 45. Bxg5+ Kxg5 46. Qxf3 Rxf3 0-1

[Event "San Vicente del Raspeig op 3rd"]
[Site "San Vicente del Raspeig"]
[Date "2022.12.29"]
[Round "7"]
[White "Sempere Domenech, Abel"]
[Black "Exposito Milan, Adrian"]
[Result "1/2-1/2"]
[WhiteElo "2016"]
[BlackElo "1947"]
[PlyCount "77"]
[EventDate "2022.12.26"]
[EventType "swiss"]
[EventRounds "9"]
[EventCountry "ESP"]
[SourceTitle "CBM 212 Extra"]
[Source "ChessBase"]
[SourceDate "2023.03.31"]
[SourceVersion "1"]
[SourceVersionDate "2023.03.31"]
[SourceQuality "1"]

1. d4 d5 2. c4 e6 3. Nc3 Nf6 4. cxd5 exd5 5. Bg5 Be7 6. Qc2 c6 7. e3 Nbd7 8. Bd3 Nh5 9. Bxe7 Qxe7 10. 0-0-0 g6 11. Nf3 0-0 12. g4 Ng7 13. Rdg1 Qd6 14. h4 c5 15. h5 cxd4 16. Nxd4 Ne5 17. Be2 Bd7 18. f4 Nc6 19. Qd2 Rac8 20. hxg6 fxg6 21. Bf3 Nxd4 22. Qxd4 Be6 23. Kb1 Rc4 24. Qd3 d4 25. f5 Bf7 26. Ne4 Qa6 27. Qa3 Rc6 28. exd4 Qxa3 29. bxa3 Rd8 30. Rd1 gxf5 31. gxf5 Nxf5 32. Ka1 Ra6 33. Rdg1+ Bg6 34. Nc5 Rxa3 35. Be4 Ne7 36. Bc2 Rxd4 37. Bb3+ Kh8 38. Ne6 Rd6 39. Rf1 1/2-1/2

[Event "ESP-chT CECLUB Div2"]
[Site "Linares"]
[Date "2022.08.25"]
[Round "5.7"]
[White "Lopez Quevedo, Angel Carlos"]
[Black "Exposito Milan, Adrian"]
[Result "1/2-1/2"]
[WhiteElo "2096"]
[BlackElo "2056"]
[PlyCount "119"]
[EventDate "2022.08.22"]
[EventType "team-swiss"]
[EventRounds "7"]
[EventCountry "ESP"]
[SourceTitle "CBM 209 Extra"]
[Source "ChessBase"]
[SourceDate "2022.09.30"]
[SourceVersion "1"]
[SourceVersionDate "2022.09.30"]
[SourceQuality "1"]
[WhiteTeam "Tomelloso"]
[BlackTeam "Enric Valor CC"]
[WhiteTeamCountry "ESP"]
[BlackTeamCountry "ESP"]

1. d4 d5 2. c4 c6 3. Nf3 Nf6 4. e3 a6 5. b3 b5 6. Bd3 Bg4 7. 0-0 e6 8. Bb2 Nbd7 9. Nbd2 Be7 10. Qc2 Bh5 11. Rfe1 Rc8 12. Rac1 0-0 13. Ng5 Bg6 14. Bxg6 hxg6 15. e4 dxe4 16. Ndxe4 Nxe4 17. Nxe4 Nf6 18. Qe2 Nxe4 19. Qxe4 Bf6 20. Ba3 Re8 21. Bc5 Qd7 22. Qg4 Rcd8 23. Bb6 Rb8 24. Bc5 Rbd8 25. Rcd1 Be7 26. Bxe7 Rxe7 27. Re3 e5 28. Qh4 f6 29. d5 Qf5 30. Red3 cxd5 31. cxd5 Red7 32. d6 Rxd6 33. Rxd6 Rxd6 34. Re1 Rd2 35. a4 g5 36. Qg3 Rd3 37. f3 Rxb3 38. axb5 axb5 39. Qf2 Qd3 40. Qa2 Kh7 41. h3 Qd4+ 42. Kh1 Rb2 43. Qf7 Kh6 44. g4 Rh2+ 45. Kxh2 Qf2+ 46. Kh1 Qxe1+ 47. Kg2 Qd2+ 48. Kg3 Qf4+ 49. Kg2 Qd2+ 50. Kg3 Qe1+ 51. Kg2 Qh4 52. Qb7 Kh7 53. Qxb5 Qe1 54. Qd3+ Kh6 55. Qd5 Qb1 56. Qf7 Qg6 57. Qg8 Qh7 58. Qf7 Qg6 59. Qg8 Qh7 60. Qf7 1/2-1/2

[Event "ESP-ch U16 Rapid"]
[Site "Salobrena"]
[Date "2022.07.31"]
[Round "7"]
[White "Exposito Milan, Adrian"]
[Black "Martin Ramos, Hector"]
[Result "1/2-1/2"]
[WhiteElo "1329"]
[BlackElo "1614"]
[PlyCount "124"]
[EventDate "2022.07.30"]
[EventType "swiss (rapid)"]
[EventRounds "9"]
[EventCountry "ESP"]
[SourceTitle "EXT 2023"]
[Source "ChessBase"]
[SourceDate "2022.10.05"]
[SourceVersion "1"]
[SourceVersionDate "2022.10.05"]
[SourceQuality "1"]

1. d4 Nf6 2. Bf4 g6 3. e3 Bg7 4. Nf3 0-0 5. Be2 d6 6. h3 c5 7. c3 Qb6 8. Qb3 Be6 9. dxc5 Bxb3 10. cxb6 axb6 11. Na3 Bd5 12. 0-0 Nbd7 13. Rfd1 Bc6 14. Bh2 Ne4 15. Nb5 Ndc5 16. Nfd4 Rfd8 17. f3 Nf6 18. e4 Nfd7 19. Nc7 Rac8 20. Nd5 Bxd5 21. exd5 Nf6 22. Nb5 Na4 23. Rab1 Rc5 24. c4 Nxb2 25. Rxb2 Nxd5 26. Rb3 Nc7 27. Nxc7 Rxc7 28. Rxb6 Ra8 29. Kh1 Rxa2 30. Bf1 f5 31. Bg1 Ra6 32. Rdb1 h6 33. Rxb7 Rxb7 34. Rxb7 Ra1 35. Bd3 Bd4 36. Rb1 Ra3 37. Bxd4 Rxd3 38. Bg1 Rc3 39. Re1 Kf7 40. Bf2 Rc2 41. Kg1 Rxc4 42. Kf1 e5 43. Rd1 Ke6 44. Ke2 g5 45. Rd2 d5 46. Ra2 Rc6 47. Rb2 d4 48. Kd2 Ra6 49. Bg3 e4 50. Ke2 f4 51. Be1 d3+ 52. Kd2 Ke5 53. fxe4 Kxe4 54. Rb4+ Kf5 55. Kxd3 Rd6+ 56. Ke2 Re6+ 57. Kf2 h5 58. Bd2 Rd6 59. Ke2 Re6+ 60. Kf2 Rd6 61. Ke2 Re6+ 62. Kf2 Rd6 1/2-1/2

[Event "ESP-ch U16 Rapid"]
[Site "Salobrena"]
[Date "2022.07.31"]
[Round "9"]
[White "Exposito Milan, Adrian"]
[Black "Martin Sanchez, Javier"]
[Result "1-0"]
[WhiteElo "1329"]
[BlackElo "1595"]
[PlyCount "99"]
[EventDate "2022.07.30"]
[EventType "swiss (rapid)"]
[EventRounds "9"]
[EventCountry "ESP"]
[SourceTitle "EXT 2023"]
[Source "ChessBase"]
[SourceDate "2022.10.05"]
[SourceVersion "1"]
[SourceVersionDate "2022.10.05"]
[SourceQuality "1"]

1. d4 Nf6 2. Bf4 e6 3. e3 b6 4. Nf3 Bb7 5. c4 d5 6. Nc3 a6 7. Be2 Bd6 8. Bg3 Ne4 9. Bxd6 Qxd6 10. cxd5 exd5 11. 0-0 0-0 12. Ne5 f6 13. Nxe4 dxe4 14. Bc4+ Bd5 15. Qb3 Rd8 16. Bxd5+ Qxd5 17. Qxd5+ Rxd5 18. Nc4 Nd7 19. Rac1 Rc8 20. b4 f5 21. Rfd1 b5 22. Na5 Nb6 23. Nc6 Rd7 24. Rc5 g6 25. Ne5 Rd5 26. Rc6 Rd6 27. Rdc1 Nc4 28. Rc5 Nxe5 29. Rxe5 Kf7 30. Kf1 c6 31. Ke2 Ra8 32. Rec5 Rc8 33. d5 Ke7 34. dxc6 Rc7 35. f3 exf3+ 36. gxf3 Ke6 37. a3 Rd5 38. R5c3 Kd6 39. e4 Re5 40. Ke3 Ke6 41. Rc5 Rxc5 42. Rxc5 fxe4 43. fxe4 Kd6 44. e5+ Ke6 45. Ke4 h6 46. Rc2 Rc8 47. c7 Kd7 48. Kd5 Rxc7 49. Rxc7+ Kxc7 50. Ke6 1-0

[Event "ESP-ch U16 Rapid"]
[Site "Salobrena"]
[Date "2022.07.30"]
[Round "1"]
[White "Exposito Milan, Adrian"]
[Black "Aguado Doncel, Pablo Luis"]
[Result "0-1"]
[WhiteElo "1329"]
[BlackElo "1674"]
[PlyCount "70"]
[EventDate "2022.07.30"]
[EventType "swiss (rapid)"]
[EventRounds "9"]
[EventCountry "ESP"]
[SourceTitle "EXT 2023"]
[Source "ChessBase"]
[SourceDate "2022.10.05"]
[SourceVersion "1"]
[SourceVersionDate "2022.10.05"]
[SourceQuality "1"]

1. d4 d5 2. Bf4 Nf6 3. e3 e6 4. c3 c5 5. Nd2 Nc6 6. Ngf3 Bd6 7. Bg3 0-0 8. Bb5 Ne7 9. Bd3 b6 10. Qe2 Bb7 11. Bxd6 Qxd6 12. 0-0 Ne4 13. Rad1 Ng6 14. Bc2 a5 15. Nxe4 dxe4 16. Nd2 Ba6 17. c4 f5 18. b3 Bb7 19. f4 cxd4 20. exd4 Qxd4+ 21. Kh1 Qb2 22. Bb1 Rfd8 23. Qe3 Rd6 24. c5 bxc5 25. Nc4 Rxd1 26. Rxd1 Qf6 27. Qxc5 Nxf4 28. Ne3 Nd3 29. Bxd3 exd3 30. Qb5 Be4 31. h3 f4 32. Ng4 Qb2 33. Rg1 Bd5 34. Qxd3 Rf8 35. Ne5 Qxe5 0-1

[Event "Alicante Easter op 6th"]
[Site "Alicante"]
[Date "2022.04.13"]
[Round "1"]
[White "Grigoryan, Karen H"]
[Black "Exposito Milan, Adrian"]
[Result "1-0"]
[WhiteElo "2630"]
[BlackElo "1852"]
[PlyCount "67"]
[EventDate "2022.04.13"]
[EventType "swiss"]
[EventRounds "9"]
[EventCountry "ESP"]
[SourceTitle "CBM 207 Extra"]
[Source "ChessBase"]
[SourceDate "2022.05.31"]
[SourceVersion "1"]
[SourceVersionDate "2022.05.31"]
[SourceQuality "1"]

1. e4 c5 2. Nf3 g6 3. c3 Bg7 4. d4 cxd4 5. cxd4 d5 6. e5 Nh6 7. h3 0-0 8. Nc3 Nc6 9. Be2 e6 10. Bg5 Qb6 11. Qd2 Nf5 12. Rd1 f6 13. exf6 Bxf6 14. Bxf6 Rxf6 15. Na4 Qb4 16. Qxb4 Nxb4 17. a3 Nc2+ 18. Kf1 Ncxd4 19. Nxd4 Ne3+ 20. Kg1 Nxd1 21. Bxd1 b6 22. Nc3 Bd7 23. Nf3 Raf8 24. Kh2 Bc8 25. Re1 Rd8 26. Nb5 a6 27. Nbd4 Re8 28. Kg3 h6 29. Ne5 Kg7 30. Bc2 g5 31. Bd3 h5 32. Rc1 h4+ 33. Kh2 Rxf2 34. Rc7+ 1-0

[Event "Alicante IRT op 15th"]
[Site "Alicante"]
[Date "2021.09.24"]
[Round "1"]
[White "Exposito Milan, Adrian"]
[Black "Aymerich Rosell, Pablo"]
[Result "0-1"]
[WhiteElo "1748"]
[BlackElo "2103"]
[PlyCount "74"]
[EventDate "2021.09.24"]
[EventType "swiss"]
[EventRounds "7"]
[EventCountry "ESP"]
[SourceTitle "CBM 204 Extra"]
[Source "ChessBase"]
[SourceDate "2021.11.30"]
[SourceVersion "1"]
[SourceVersionDate "2021.11.30"]
[SourceQuality "1"]

1. d4 Nf6 2. Bf4 g6 3. e3 Bg7 4. h3 0-0 5. Nf3 d6 6. Be2 b6 7. 0-0 Bb7 8. Nbd2 Ne4 9. c3 Nd7 10. Bh2 e5 11. dxe5 dxe5 12. Nc4 Qe7 13. Qc2 f6 14. Rad1 Rfd8 15. b4 Kh8 16. a4 a5 17. bxa5 bxa5 18. Rb1 Bc6 19. Nfd2 Ndc5 20. Bf3 Bxa4 21. Qb2 Bc6 22. Nxe4 Bxe4 23. Bxe4 Nxe4 24. Rfd1 Qc5 25. Qb3 a4 26. Qb4 Qxb4 27. cxb4 Nc3 28. Rxd8+ Rxd8 29. Ra1 Rb8 30. Ra3 Rxb4 31. Bxe5 Nb1 32. Rd3 fxe5 33. Rd8+ Bf8 34. Nxe5 Kg7 35. Rd7+ Kf6 36. f4 Bd6 37. Ng4+ Ke6 0-1

[Event "ESP-ch U14"]
[Site "Salobrena"]
[Date "2021.07.16"]
[Round "7"]
[White "Molina Ortega, Carlos"]
[Black "Exposito Milan, Adrian"]
[Result "1-0"]
[WhiteElo "1539"]
[BlackElo "1816"]
[PlyCount "83"]
[EventDate "2021.07.12"]
[EventType "swiss"]
[EventRounds "9"]
[EventCountry "ESP"]
[SourceTitle "EXT 2022"]
[Source "ChessBase"]
[SourceDate "2021.10.06"]
[SourceVersion "1"]
[SourceVersionDate "2021.10.06"]
[SourceQuality "1"]

1. e4 c5 2. Nc3 Nc6 3. d3 g6 4. Be3 d6 5. g3 Bg7 6. Bg2 e6 7. Qd2 Rb8 8. f4 Nge7 9. Nf3 0-0 10. h3 a6 11. Rb1 b5 12. 0-0 Bb7 13. Ne2 Qc7 14. g4 f5 15. c3 Rbd8 16. Ng5 Qd7 17. Ng3 h6 18. Nf3 b4 19. Nh4 Kh7 20. a3 a5 21. d4 cxd4 22. cxd4 d5 23. e5 Rc8 24. gxf5 Nxf5 25. Nhxf5 gxf5 26. Kh1 Rc7 27. Nh5 Rfc8 28. Nxg7 Qxg7 29. Rg1 Qe7 30. Bf3 bxa3 31. bxa3 Qxa3 32. Qg2 Qf8 33. Qg6+ Kh8 34. Qxe6 Nb4 35. Rbc1 Nc2 36. Qb6 Rc3 37. Qxb7 Nxe3 38. Rxc3 Rxc3 39. e6 a4 40. e7 Qe8 41. Bh5 Qxh5 42. Qb8+ 1-0

[Event "ESP-ch U14"]
[Site "Salobrena"]
[Date "2021.07.14"]
[Round "4"]
[White "Exposito Milan, Adrian"]
[Black "Moreno Burillo, Marcos Antonio"]
[Result "1/2-1/2"]
[WhiteElo "1816"]
[BlackElo "1604"]
[PlyCount "142"]
[EventDate "2021.07.12"]
[EventType "swiss"]
[EventRounds "9"]
[EventCountry "ESP"]
[SourceTitle "EXT 2022"]
[Source "ChessBase"]
[SourceDate "2021.10.06"]
[SourceVersion "1"]
[SourceVersionDate "2021.10.06"]
[SourceQuality "1"]

1. d4 Nf6 2. Bf4 g6 3. h3 Bg7 4. e3 0-0 5. Nf3 d6 6. Be2 c5 7. c3 b6 8. 0-0 Bb7 9. Nbd2 Nbd7 10. Bh2 a6 11. a4 Qc7 12. Bd3 Qc6 13. Qe2 d5 14. b4 c4 15. Bc2 b5 16. Rfe1 Ne4 17. Nxe4 dxe4 18. Nd2 f5 19. f3 Nf6 20. Be5 Nd5 21. Ra3 Bxe5 22. dxe5 exf3 23. Nxf3 Qc7 24. Qf2 Nb6 25. a5 Nd7 26. e6 Bxf3 27. gxf3 Ne5 28. e4 Nd3 29. Bxd3 cxd3 30. e5 Rfd8 31. Qd2 Qc4 32. Re3 Qxe6 33. Rxd3 Rxd3 34. Qxd3 Qxe5 35. Kg2 Rc8 36. Qd7 Rc7 37. Qd2 Qd6 38. Qe3 Rd7 39. Ra2 f4 40. Qe4 Qd5 41. Re2 Qxe4 42. Rxe4 Rd2+ 43. Kg1 Rc2 44. Rxe7 Rxc3 45. Kg2 Rc2+ 46. Kg1 Rb2 47. Re6 Rxb4 48. Rxa6 Ra4 49. Ra8+ Kg7 50. a6 b4 51. a7 b3 52. Rb8 Rxa7 53. Rxb3 Ra1+ 54. Kg2 Ra2+ 55. Kg1 Kh6 56. Rb5 g5 57. Rb7 Kg6 58. h4 gxh4 59. Rb6+ Kf5 60. Rb5+ Kf6 61. Rh5 Ra7 62. Rxh4 Ke5 63. Kf2 Ra2+ 64. Kf1 Ra7 65. Kf2 Rg7 66. Rh6 Kf5 67. Rh5+ Kg6 68. Rh4 Rf7 69. Rg4+ Kf5 70. Rh4 Ke5 71. Rh6 Kd4 1/2-1/2

[Event "ESP-ch U14"]
[Site "Salobrena"]
[Date "2021.07.13"]
[Round "3"]
[White "Salinas Tomas, Daniel"]
[Black "Exposito Milan, Adrian"]
[Result "1-0"]
[WhiteElo "2079"]
[BlackElo "1816"]
[PlyCount "73"]
[EventDate "2021.07.12"]
[EventType "swiss"]
[EventRounds "9"]
[EventCountry "ESP"]
[SourceTitle "EXT 2022"]
[Source "ChessBase"]
[SourceDate "2021.10.06"]
[SourceVersion "1"]
[SourceVersionDate "2021.10.06"]
[SourceQuality "1"]

1. d4 d5 2. c4 c6 3. Nf3 Nf6 4. e3 a6 5. Nc3 Bf5 6. Bd3 Bxd3 7. Qxd3 e6 8. 0-0 Nbd7 9. b3 Bd6 10. Bb2 0-0 11. e4 dxe4 12. Nxe4 Nxe4 13. Qxe4 Nf6 14. Qe2 Qa5 15. Qe1 Qf5 16. Qc3 Ne4 17. Qe3 Bf4 18. Qe2 Nf6 19. Ne5 h5 20. h3 Rad8 21. Rad1 Qe4 22. Qxe4 Nxe4 23. Rfe1 Nf6 24. g3 Bxe5 25. dxe5 Nd7 26. Rd6 Nb6 27. Red1 Rxd6 28. Rxd6 Nc8 29. Rd7 b6 30. b4 Re8 31. Bd4 Kf8 32. Rc7 Rd8 33. Be3 Ke8 34. c5 Ne7 35. cxb6 Rb8 36. b7 Kd8 37. Bb6 1-0